000 00405nam a22001697a 4500
005 20160628121542.0
008 160628b xxu||||| |||| 00| 0 eng d
020 _a0-19-860675-3
041 _aeng
082 _b10766
100 _aDorner, Jane
_93038
245 _aWriting bids and funding applications
260 _bOxford
_c2004
300 _a131
650 _aMass Communication
_92660
942 _cBK
999 _c4408
_d4407